Normal view
MARC view
Entry Personal Name
001 - CONTROL NUMBER
- control field: 41177
003 - CONTROL NUMBER IDENTIFIER
- control field: OSt
005 - DATE AND TIME OF LATEST TRANSACTION
- control field: 20160228121646.0
008 - FIXED-LENGTH DATA ELEMENTS
- fixed length control field: 160228|| aca||aabn | a|a d
040 ## - CATALOGING SOURCE
- Original cataloging agency: OSt
- Transcribing agency: OSt
100 ## - HEADING--PERSONAL NAME
- Personal name: मीतल दारिकाप्रसाद
670 ## - SOURCE DATA FOUND
- Source citation: Work cat.: (OSt)26368: मीतल दारिकाप्रसाद , हिन्दी साहित्य में राधा , 1970









